| 000 | 01620cam a2200397 i 4500 | ||
|---|---|---|---|
| 001 | zz2003981188 | ||
| 003 | NUKAT | ||
| 005 | 20260427220514.0 | ||
| 008 | 030611s1912 pl |001 0 pol c | ||
| 035 | _a(OCoLC)1412990329 | ||
| 035 | _a(NUKAT)zz2003981188 | ||
| 040 |
_aLUBL M/mm _cLUBL M/mm _dLUBL M/JD _dGD U/KMs _dTOR U/WS |
||
| 041 | 0 |
_apol _afre |
|
| 100 | 1 |
_aIwaszkiewicz, Janusz _d(1879-1944). _940716 |
|
| 245 | 1 | 0 |
_aLitwa w roku 1812 / _cprzez Janusza Iwaszkiewicza. |
| 260 |
_aKraków ; _aWarszawa : _bDruk W. L. Anczyca i Spółki, _c1912. |
||
| 300 |
_aXIV, 439, [2] s. : _berr. ; _c23 cm. |
||
| 336 |
_aTekst _btxt _2rdacontent |
||
| 337 |
_aBez urządzenia pośredniczącego _bn _2rdamedia |
||
| 338 |
_aWolumin _bnc _2rdacarrier |
||
| 490 | 1 |
_aMonografie w Zakresie Dziejów Nowożytnych ; _vt. 9 |
|
| 504 | _aIndeks. | ||
| 530 | _aDostępne również w formie elektronicznej. | ||
| 546 | _aTekst w przypisach częśc. w jęz. fr. | ||
| 591 | _aWspółoprawne z: Rządy rosyjskie w Kraju Tarnopolskim 1809-1815 / przez Jana Leszczyńskiego. - Kraków ; Warszawa, 1903; nr inw. 15435/3. | ||
| 648 | 7 |
_a1801-1900 _2DBN _936037 |
|
| 651 | 7 |
_aKresy wschodnie Rzeczypospolitej _2DBN _936023 |
|
| 651 | 7 |
_aLitwa _2DBN _935756 |
|
| 651 | 7 |
_aLitwa _y1812 (Okupacja francuska). _2kaba _940718 |
|
| 658 | _aHistoria | ||
| 710 | 2 |
_aW. L. Anczyc i Spółka. _4pbl _94292 |
|
| 787 |
_c15435/3 _tRządy rosyjskie w Kraju Tarnopolskim 1809-1815 _wzz2004872298 |
||
| 830 | 0 |
_aMonografie w Zakresie Dziejów Nowożytnych _vt. 9 _94293 |
|
| 856 | 4 | 1 | _uhttp://bc.wbp.lublin.pl/publication/15048 |
| 942 |
_2ddc _cBK_NM |
||
| 999 |
_c27818 _d27818 |
||